مكتبة جامعة عجلون الوطنية

فهرس بحث المكتبة

علم التدريب الرياضي الحديث : طرائق واساليب تطبيقاته (Record no. 34078)

MARC details
000 -LEADER
fixed length control field 01002nam a22002177a 4500
003 - CONTROL NUMBER IDENTIFIER
control field JO-AjAnu
005 - DATE AND TIME OF LATEST TRANSACTION
control field 20251014092218.0
008 - FIXED-LENGTH DATA ELEMENTS--GENERAL INFORMATION
fixed length control field 251013b jo ||||| |||| 00| 0 ara d
020 ## - INTERNATIONAL STANDARD BOOK NUMBER
International Standard Book Number 978-9923-46-073-3
022 ## - INTERNATIONAL STANDARD SERIAL NUMBER
International Standard Serial Number 4470/8/2022
040 ## - CATALOGING SOURCE
Original cataloging agency ANU
Transcribing agency JO-AjAnu
041 ## - LANGUAGE CODE
Language code of original ARA
100 ## - MAIN ENTRY--PERSONAL NAME
Personal name الجميلي، أثير محمد صبري
Relator term مؤلف
9 (RLIN) 66816
245 ## - TITLE STATEMENT
Title علم التدريب الرياضي الحديث : طرائق واساليب تطبيقاته
Statement of responsibility, etc. / أثير محمد صبري الجميلي، أحمد عبد الأمير حمزة العلواني
260 ## - PUBLICATION, DISTRIBUTION, ETC.
Place of publication, distribution, etc. عمان :
Name of publisher, distributor, etc. دار الوفاق للنشر والتوزيع،
Date of publication, distribution, etc. 2024
300 ## - PHYSICAL DESCRIPTION
Extent 308 صفحة
500 ## - GENERAL NOTE
General note يحتوي هذا الكتاب على صور واشكال توضيحية
650 ## - SUBJECT ADDED ENTRY--TOPICAL TERM
Form subdivision التدريب الرياضي-اساليب التدريب-التربية الرياضية
700 ## - ADDED ENTRY--PERSONAL NAME
Personal name العلواني، أحمد عبد الأمير حمزة
Relator term مؤلف مشارك
9 (RLIN) 66817
942 ## - ADDED ENTRY ELEMENTS (KOHA)
Source of classification or shelving scheme Library of Congress Classification
Koha item type Books
Suppress in OPAC No
Holdings
Withdrawn status Lost status Source of classification or shelving scheme Damaged status Not for loan Home library Current library Date acquired Total Checkouts Full call number Barcode Date last seen Price effective from Koha item type
    Library of Congress Classification     مكتبة جامعة عجلون الوطنية مكتبة جامعة عجلون الوطنية 13/10/2025   GV341.2022 A30445 13/10/2025 13/10/2025 Books